| 000 | 00334nam a22001457a 4500 | ||
|---|---|---|---|
| 003 | SGT | ||
| 020 | _a978-81-89798-56-7 | ||
| 082 |
_a615.53 _bS16R |
||
| 100 | _aROY, VIJAY KUMAR | ||
| 245 | _aSACHITRA AVASTHAVRTTA VIJNANA | ||
| 260 |
_aNEW DELHI _bCHAUKHAMBHA PUB _c2016 |
||
| 300 | _a670 | ||
| 650 | _aAYURVEDA | ||
| 942 |
_2ddc _cBK _04 |
||
| 999 |
_c14510 _d14510 |
||